[Event "Jiraskuv memorial B"]
[Site "Rakovnik"]
[Date "2012.08.08"]
[Round "6"]
[White "Kadlec, Daniel"]
[Black "Hejda, Vaclav"]
[Result "1/2-1/2"]
[WhiteElo "1651"]
[BlackElo "1820"]
[Annotator "Lev,Pavel"]
[PlyCount "75"]
[EventDate "2012.08.??"]
[EventType "swiss"]
[EventRounds "9"]
[EventCountry "CZE"]

1. e4 e5 2. Nf3 Nc6 3. Bc4 Bc5 4. b4 Bxb4 5. c3 Be7 6. d4 exd4 7. cxd4 d6 8.
Qb3 Na5 9. Bxf7+ Kf8 10. Qc3 Kxf7 11. Qxa5 c5 12. Qxd8 Bxd8 13. Bb2 cxd4 14.
Bxd4 Bf6 15. Nbd2 Bd7 16. O-O Ne7 17. Nc4 Ke6 18. Bxf6 Kxf6 19. Nxd6 Bc6 20.
Rfe1 h6 21. e5+ Ke6 22. Nd4+ Kd7 23. Nxc6 bxc6 24. Rad1 Nd5 25. Nf5 g6 26. Ne3
Ke6 27. Nxd5 cxd5 28. f4 Rhc8 29. Rc1 Rab8 30. Rxc8 Rxc8 31. Kf2 Rc6 32. Kf3
Ra6 33. Re2 Ra3+ 34. Kf2 d4 35. g4 Rb3 36. Kg2 Rc3 37. Kf2 Rh3 38. Kg2 1/2-1/2

[Event "Jiraskuv memorial B"]
[Site "Rakovnik"]
[Date "2012.08.08"]
[Round "6"]
[White "Bauer, Ondrej"]
[Black "Misicko, Jan"]
[Result "1-0"]
[WhiteElo "1745"]
[BlackElo "1545"]
[Annotator "Lev,Pavel"]
[PlyCount "99"]
[EventDate "2012.08.??"]
[EventType "swiss"]
[EventRounds "9"]
[EventCountry "CZE"]

1. d4 f5 2. c4 Nf6 3. Nc3 d5 4. e3 e6 5. Nf3 Nc6 6. a3 Bd6 7. Bd3 O-O 8. O-O
Bd7 9. cxd5 exd5 10. Qb3 Na5 11. Qc2 g6 12. Bd2 Nc6 13. b4 a6 14. Na4 b6 15.
Nc3 Ne7 16. Rac1 Be6 17. b5 a5 18. a4 Kg7 19. Rb1 Ba3 20. Rfe1 Bb4 21. h3 Bxc3
22. Qxc3 Nd7 23. Bc1 Ra7 24. Ba3 Re8 25. Rec1 Kf6 26. Qb3 Qc8 27. Bxe7+ Rxe7
28. Rc6 Nb8 29. Rc2 Qd8 30. Ne5 Bc8 31. Be2 Re6 32. Bf3 Rd6 33. h4 Be6 34. Rbc1
Rb7 35. Nc6 Nxc6 36. Rxc6 Kg7 37. Qc3 h6 38. Rxc7+ Rxc7 39. Qxc7+ Qxc7 40.
Rxc7+ Kf6 41. Kh2 g5 42. Kg3 Kg6 43. Be2 Kf6 44. hxg5+ hxg5 45. f4 g4 46. Rc6
Ke7 47. Rxd6 Kxd6 48. Kh4 Ke7 49. Kg5 Kd6 50. Bd3 1-0

[Event "Jiraskuv memorial B"]
[Site "Rakovnik"]
[Date "2012.08.08"]
[Round "6"]
[White "Pribylova, Sofie"]
[Black "Folbr, Martin"]
[Result "1-0"]
[WhiteElo "1374"]
[BlackElo "1352"]
[Annotator "Lev,Pavel"]
[PlyCount "93"]
[EventDate "2012.08.??"]
[EventType "swiss"]
[EventRounds "9"]
[EventCountry "CZE"]

1. d4 Nf6 2. c4 g6 3. Nc3 d6 4. e4 Bg7 5. Bd3 O-O 6. Nge2 b6 7. O-O Nbd7 8. Be3
Re8 9. Rc1 e5 10. d5 Ng4 11. Qd2 Qh4 12. h3 Nxe3 13. Qxe3 Bh6 14. f4 Nf6 15.
Qf2 Qh5 16. Ng3 Qh4 17. Rce1 Bxf4 18. Nce2 Bd2 19. Rd1 Bg5 20. Nc3 Re7 21. Bc2
Qh6 22. Kh1 Bxh3 23. gxh3 Ng4 24. Qg2 Ne3 25. Qf2 Qxh3+ 26. Qh2 Qg4 27. Rde1
Nxc4 28. Bd1 Qh4 29. Qxh4 Bxh4 30. Kg2 Ne3+ 31. Rxe3 Bg5 32. Re2 Rf8 33. Ref2
Be3 34. Rc2 f5 35. exf5 gxf5 36. Rxf5 Rxf5 37. Nxf5 Rf7 38. Nxe3 Rg7+ 39. Kf2
Rf7+ 40. Ke1 Rg7 41. Nb5 Rg3 42. Nf5 Rg1+ 43. Kd2 e4 44. Rxc7 Rg2+ 45. Ke3 Rxb2
46. Bh5 Rxb5 47. Rc8# 1-0

[Event "Jiraskuv memorial B"]
[Site "Rakovnik"]
[Date "2012.08.08"]
[Round "6"]
[White "Hajsman, Martin"]
[Black "Koblic, Miroslav"]
[Result "0-1"]
[WhiteElo "1718"]
[BlackElo "1683"]
[Annotator "Lev,Pavel"]
[PlyCount "58"]
[EventDate "2012.08.??"]
[EventType "swiss"]
[EventRounds "9"]
[EventCountry "CZE"]

1. c4 f5 2. Nf3 Nf6 3. Nc3 e6 4. d3 d5 5. cxd5 exd5 6. Bd2 c6 7. e3 Bd6 8. Be2
O-O 9. O-O Nbd7 10. a3 Qc7 11. h3 Ne5 12. Rc1 Bd7 13. Nb5 Nxf3+ 14. Bxf3 Bh2+
15. Kh1 Qe5 16. Bc3 Qb8 17. Nd4 Be5 18. Ne2 Kh8 19. Bxe5 Qxe5 20. Qb3 b5 21.
Qc3 Qd6 22. b4 Ng8 23. Nf4 Ne7 24. Rg1 Qh6 25. d4 g5 26. Qc5 Rf7 27. Bh5 Rg7
28. g4 gxf4 29. exf4 fxg4 0-1

[Event "Jiraskuv memorial B"]
[Site "Rakovnik"]
[Date "2012.08.08"]
[Round "6"]
[White "Masek, Jaroslav"]
[Black "Vankova, Veronika"]
[Result "1-0"]
[WhiteElo "1670"]
[BlackElo "1254"]
[Annotator "Lev,Pavel"]
[PlyCount "139"]
[EventDate "2012.08.??"]
[EventType "swiss"]
[EventRounds "9"]
[EventCountry "CZE"]

1. e4 e5 2. Nf3 Nc6 3. Bb5 d6 4. Bxc6+ bxc6 5. d4 exd4 6. Qxd4 Nf6 7. O-O Be7
8. e5 dxe5 9. Qxd8+ Bxd8 10. Nxe5 Bb7 11. Nc3 O-O 12. Bg5 Nd5 13. Bxd8 Raxd8
14. Nxd5 cxd5 15. Rad1 Rfe8 16. Nf3 Re2 17. Nd4 Re4 18. Rfe1 Rde8 19. Rxe4 Rxe4
20. f3 Re8 21. Kf2 a6 22. b4 g6 23. Nb3 c6 24. Nc5 Bc8 25. Rd3 Bf5 26. Rd2 Rb8
27. c3 Ra8 28. Nb3 Kf8 29. Ke3 Ke7 30. Kd4 Kd6 31. Nc5 Ra7 32. Re2 Be6 33. a4
h6 34. h4 h5 35. Ke3 Re7 36. Kf4 Ra7 37. Kg5 Bf5 38. Re8 Bd7 39. Rf8 Be6 40.
Kf6 Bf5 41. Rxf7 Rxf7+ 42. Kxf7 Ke5 43. g3 d4 44. f4+ Kd5 45. cxd4 Kxd4 46.
Nxa6 Kc4 47. Ke7 Bc8 48. b5 cxb5 49. axb5 Kxb5 50. Nc7+ Kc5 51. Ne6+ Kd5 52.
Nf8 Bf5 53. Kf6 Ke4 54. Nxg6 Bg4 55. Ne5 Be2 56. Kg5 Kd5 57. Ng6 Ke6 58. f5+
Kf7 59. Nf4 Bf3 60. Nxh5 Bxh5 61. Kxh5 Kf6 62. Kg4 Kg7 63. Kg5 Kf7 64. h5 Kg7
65. h6+ Kf7 66. g4 Kg8 67. f6 Kh7 68. f7 Kh8 69. f8=Q+ Kh7 70. Qg7# 1-0

[Event "Jiraskuv memorial B"]
[Site "Rakovnik"]
[Date "2012.08.08"]
[Round "6"]
[White "Brada, Zdenek"]
[Black "Verner, Jaromir"]
[Result "1/2-1/2"]
[WhiteElo "1491"]
[BlackElo "1368"]
[Annotator "Lev,Pavel"]
[PlyCount "58"]
[EventDate "2012.08.??"]
[EventType "swiss"]
[EventRounds "9"]
[EventCountry "CZE"]

1. d4 e6 2. c4 Nf6 3. Nc3 c6 4. Nf3 d6 5. e4 Qc7 6. Bd3 e5 7. d5 h6 8. O-O Bg4
9. Be2 Na6 10. Nd2 h5 11. a3 Nc5 12. b4 Ncd7 13. h3 Bxe2 14. Qxe2 a6 15. Bb2 b5
16. cxb5 cxb5 17. Rac1 Qb7 18. Nb3 Nb6 19. Na5 Qd7 20. Qe3 Nc4 21. Nxc4 bxc4
22. Rc2 g6 23. Rfc1 Bh6 24. Qf3 Qe7 25. Re1 g5 26. Bc1 g4 27. hxg4 hxg4 28. Qf5
Bxc1 29. Rcxc1 Rh5 1/2-1/2

[Event "Jiraskuv memorial B"]
[Site "Rakovnik"]
[Date "2012.08.08"]
[Round "6"]
[White "Srkal, Miroslav"]
[Black "Hajek, Jiri"]
[Result "1-0"]
[WhiteElo "1822"]
[BlackElo "1825"]
[Annotator "Lev,Pavel"]
[PlyCount "109"]
[EventDate "2012.08.??"]
[EventType "swiss"]
[EventRounds "9"]
[EventCountry "CZE"]

1. d4 d5 2. Nf3 c6 3. c4 Nf6 4. Nc3 e6 5. Bf4 dxc4 6. a4 Nd5 7. Bg5 Qa5 8. Bd2
Bb4 9. Qc2 b5 10. g3 Nd7 11. Bg2 Nxc3 12. bxc3 Be7 13. O-O Qc7 14. axb5 cxb5
15. e4 Bb7 16. Rfd1 h6 17. Rab1 a6 18. Bf4 Bd6 19. Bxd6 Qxd6 20. Nd2 Rb8 21.
Nf1 O-O 22. g4 Qe7 23. Qd2 Nf6 24. f3 Nd7 25. Ng3 Qg5 26. Qxg5 hxg5 27. Kf2 Bc6
28. Ra1 Ra8 29. Ra5 Nb6 30. Rda1 Na4 31. Ne2 Rfb8 32. Ke3 Kf8 33. f4 gxf4+ 34.
Kxf4 Ke7 35. h4 Kd7 36. d5 exd5 37. exd5 Bb7 38. R1xa4 bxa4 39. Rxa4 Rc8 40.
Ra5 Kd6 41. Nd4 g6 42. h5 Rc5 43. Nc6 Rxa5 44. Nxa5 Bxd5 45. Nxc4+ Bxc4 46.
Bxa8 gxh5 47. gxh5 f6 48. h6 Bg8 49. Be4 Kc5 50. Bd3 a5 51. Ke3 a4 52. h7 Bxh7
53. Bxh7 Kc4 54. Kd2 Kb3 55. Bg8+ 1-0

[Event "Jiraskuv memorial B"]
[Site "Rakovnik"]
[Date "2012.08.09"]
[Round "7"]
[White "Misicko, Jan"]
[Black "Hajek, Jiri"]
[Result "1-0"]
[WhiteElo "1545"]
[BlackElo "1825"]
[Annotator "Lev,Pavel"]
[PlyCount "59"]
[EventDate "2012.08.??"]
[EventType "swiss"]
[EventRounds "9"]
[EventCountry "CZE"]

1. f4 d5 2. Nf3 c5 3. b3 Nf6 4. Bb2 e6 5. e3 Be7 6. Bb5+ Nbd7 7. O-O O-O 8.
Bxd7 Bxd7 9. d3 b5 10. Nbd2 Bc6 11. Ne5 Bb7 12. Qe1 a5 13. Rf3 d4 14. Rh3 dxe3
15. Qxe3 Nd5 16. Qg3 Bf6 17. Ne4 Rc8 18. Rb1 c4 19. dxc4 bxc4 20. bxc4 Qb6+ 21.
Kh1 Bxe5 22. fxe5 Rxc4 23. Nf6+ Nxf6 24. exf6 g6 25. Rxh7 Kxh7 26. Qh3+ Kg8 27.
Qh6 Bxg2+ 28. Kxg2 Qc6+ 29. Kg3 Qd6+ 30. Kh3 1-0

[Event "Jiraskuv memorial B"]
[Site "Rakovnik"]
[Date "2012.08.09"]
[Round "7"]
[White "Folbr, Martin"]
[Black "Brada, Zdenek"]
[Result "1-0"]
[WhiteElo "1352"]
[BlackElo "1491"]
[Annotator "Lev,Pavel"]
[PlyCount "53"]
[EventDate "2012.08.??"]
[EventType "swiss"]
[EventRounds "9"]
[EventCountry "CZE"]

1. d4 d5 2. c4 e6 3. Nc3 Nf6 4. Bg5 dxc4 5. e4 Be7 6. Bxc4 Nc6 7. Nf3 h6 8. Bh4
Nd7 9. Bg3 Nb6 10. Bb5 Bd7 11. Bxc6 Bxc6 12. Ne5 Bd7 13. Qf3 O-O 14. O-O c5 15.
Rfd1 Qe8 16. d5 exd5 17. exd5 Bd6 18. Re1 Qc8 19. Ne4 Bxe5 20. Bxe5 Nxd5 21. h3
f6 22. Bd6 Re8 23. Rad1 Bc6 24. Bxc5 Nc7 25. Nxf6+ gxf6 26. Qxf6 Nd5 27. Qg6+
1-0

[Event "Jiraskuv memorial B"]
[Site "Rakovnik"]
[Date "2012.08.09"]
[Round "7"]
[White "Pribylova, Sofie"]
[Black "Mitosinka, Boris"]
[Result "0-1"]
[WhiteElo "1374"]
[BlackElo "1563"]
[Annotator "Lev,Pavel"]
[PlyCount "80"]
[EventDate "2012.08.??"]
[EventType "swiss"]
[EventRounds "9"]
[EventCountry "CZE"]

1. d4 e6 2. c4 d5 3. Nc3 c6 4. Nf3 Nf6 5. Bg5 Be7 6. Rc1 dxc4 7. a4 Qa5 8. e3
b5 9. axb5 cxb5 10. Be2 Bb7 11. O-O Nbd7 12. b3 Nd5 13. Bxe7 Nxc3 14. Rxc3 Qxc3
15. Bd6 Bd5 16. bxc4 Bxc4 17. Bxc4 Qxc4 18. Qd2 Rc8 19. Qa5 Qc6 20. Bb4 a6 21.
Ne5 Nxe5 22. dxe5 f6 23. exf6 gxf6 24. f4 Kf7 25. h3 h5 26. h4 Rhg8 27. Qa2 Qc2
28. Qxc2 Rxc2 29. Rf2 Rxf2 30. Kxf2 f5 31. g3 Rc8 32. Ke2 Rc4 33. Bd6 a5 34.
Kd3 Rc6 35. Be5 b4 36. Bb2 a4 37. e4 a3 38. Ba1 b3 39. exf5 exf5 40. Kd2 b2 0-1

[Event "Jiraskuv memorial B"]
[Site "Rakovnik"]
[Date "2012.08.09"]
[Round "7"]
[White "Hejda, Vaclav"]
[Black "Zika, Vaclav"]
[Result "1/2-1/2"]
[WhiteElo "1820"]
[BlackElo "1749"]
[Annotator "Lev,Pavel"]
[PlyCount "128"]
[EventDate "2012.08.??"]
[EventType "swiss"]
[EventRounds "9"]
[EventCountry "CZE"]

1. e4 e6 2. d4 d5 3. exd5 exd5 4. Nf3 Bd6 5. c4 Nf6 6. c5 Be7 7. Be2 O-O 8. O-O
b6 9. b4 c6 10. Nc3 bxc5 11. bxc5 Ba6 12. Re1 Bxe2 13. Rxe2 Re8 14. Qa4 Qc8 15.
Bd2 Qa6 16. Qxa6 Nxa6 17. Ne5 Rac8 18. Rae1 Kf8 19. f3 Nb8 20. Bg5 h6 21. Bh4
g5 22. Bf2 Nbd7 23. Bg3 Nxe5 24. Bxe5 Nd7 25. Kf2 Nxe5 26. Rxe5 Bf6 27. Rxe8+
Rxe8 28. Rxe8+ Kxe8 29. Ke3 Kd7 30. g4 Ke6 31. Ne2 Bg7 32. Ng3 Bf8 33. Nf5 h5
34. Kd3 hxg4 35. fxg4 Be7 36. Kc3 Bd8 37. Kb4 Bc7 38. h3 Kd7 39. Nh6 Ke6 40.
Kc3 Kf6 41. Kd3 Bf4 42. Ke2 Bc7 43. Kf3 Ba5 44. Nf5 Bc7 45. a3 Bb8 46. Ne3 Ke6
47. Nc2 Kd7 48. Nb4 Bh2 49. a4 a5 50. Nc2 Ke6 51. Ne1 Bg1 52. Nc2 Bh2 53. Ke2
Bg1 54. Kd3 Bf2 55. Na1 Bg3 56. Nb3 Bc7 57. Ke3 f5 58. Kf3 Kf6 59. Nc1 Bf4 60.
Nd3 fxg4+ 61. hxg4 Bc7 62. Ne1 Bf4 63. Ke2 Bg3 64. Nd3 Bc7 1/2-1/2

[Event "Jiraskuv memorial B"]
[Site "Rakovnik"]
[Date "2012.08.09"]
[Round "7"]
[White "Abraham, Karel"]
[Black "Bauer, Ondrej"]
[Result "0-1"]
[WhiteElo "1791"]
[BlackElo "1745"]
[Annotator "Lev,Pavel"]
[PlyCount "68"]
[EventDate "2012.08.??"]
[EventType "swiss"]
[EventRounds "9"]
[EventCountry "CZE"]

1. e4 e6 2. d4 d5 3. e5 c5 4. Nc3 cxd4 5. Qxd4 Nc6 6. Bb5 Nge7 7. Bg5 Qc7 8.
Bxe7 Bxe7 9. Nge2 O-O 10. Bxc6 bxc6 11. O-O c5 12. Qf4 Ba6 13. Rfe1 Rab8 14. b3
Rb4 15. Qg3 Rb7 16. Nf4 c4 17. Nh5 g6 18. Nf6+ Bxf6 19. exf6 Qxg3 20. hxg3 Rc8
21. Nd1 cxb3 22. axb3 Bb5 23. Rc1 a6 24. Nb2 Rbc7 25. c4 dxc4 26. bxc4 Bxc4 27.
Nxc4 Rxc4 28. Rxc4 Rxc4 29. Ra1 Rc6 30. g4 h6 31. Rb1 g5 32. Rb8+ Kh7 33. Rf8
Kg6 34. f3 e5 0-1

[Event "Jiraskuv memorial B"]
[Site "Rakovnik"]
[Date "2012.08.09"]
[Round "7"]
[White "Zacek, Petr"]
[Black "Pribyl, Viktor"]
[Result "1-0"]
[WhiteElo "1568"]
[BlackElo "1303"]
[Annotator "Lev,Pavel"]
[PlyCount "51"]
[EventDate "2012.08.??"]
[EventType "swiss"]
[EventRounds "9"]
[EventCountry "CZE"]

1. e4 c5 2. Nf3 Nc6 3. Bb5 d6 4. O-O e6 5. d4 d5 6. exd5 exd5 7. Re1+ Be6 8.
Ng5 Qf6 9. Nxe6 fxe6 10. Be3 c4 11. c3 O-O-O 12. Bxc6 bxc6 13. Qa4 Kb7 14. b3
Ra8 15. bxc4 Nh6 16. Nd2 Bd6 17. Rab1+ Kc7 18. Qa5+ Kd7 19. Rb7+ Ke8 20. Nf3
Qd8 21. Qxd8+ Rxd8 22. Bg5 Rc8 23. Rxe6+ Kf8 24. Rxd6 Nf5 25. Re6 dxc4 26. Be7+
1-0

[Event "Jiraskuv memorial B"]
[Site "Rakovnik"]
[Date "2012.08.09"]
[Round "7"]
[White "Truksa, Martin"]
[Black "Hajsman, Martin"]
[Result "0-1"]
[WhiteElo "1432"]
[BlackElo "1718"]
[Annotator "Lev,Pavel"]
[PlyCount "74"]
[EventDate "2012.08.??"]
[EventType "swiss"]
[EventRounds "9"]
[EventCountry "CZE"]

1. Nf3 Nf6 2. g3 d6 3. Bg2 Nc6 4. O-O e5 5. d3 Be7 6. e4 Be6 7. Ng5 Bd7 8. b3
O-O 9. Nf3 b5 10. d4 Bg4 11. Qd3 exd4 12. Nxd4 Nxd4 13. Qxd4 c5 14. Qd3 Rb8 15.
a4 b4 16. Qa6 Qc7 17. Bf4 Nh5 18. Be3 Bf6 19. Ra2 g6 20. h3 Bd7 21. g4 Ng7 22.
Bf4 Be5 23. Bxe5 dxe5 24. Bf3 Rfd8 25. h4 Ne6 26. Be2 Nd4 27. Bc4 Rb6 28. Qa5
Bxg4 29. Kg2 Qe7 30. Kg3 Bf3 31. Nd2 Qf6 32. Nxf3 Qxf3+ 33. Kh2 Qf4+ 34. Kh3
Nf3 35. Bxf7+ Kxf7 36. Qxa7+ Ke8 37. Qxh7 Qh2+ 0-1

[Event "Jiraskuv memorial B"]
[Site "Rakovnik"]
[Date "2012.08.09"]
[Round "7"]
[White "Koblic, Miroslav"]
[Black "Kadlec, Daniel"]
[Result "0-1"]
[WhiteElo "1683"]
[BlackElo "1651"]
[Annotator "Lev,Pavel"]
[PlyCount "164"]
[EventDate "2012.08.??"]
[EventType "swiss"]
[EventRounds "9"]
[EventCountry "CZE"]

1. f4 d5 2. Nf3 Nf6 3. d4 Nc6 4. c3 Bf5 5. e3 a6 6. Bd3 Bxd3 7. Qxd3 g6 8. O-O
Bg7 9. Nbd2 e6 10. Ne5 Ne7 11. Ndf3 Ne4 12. Nd2 Nd6 13. Rf3 Nef5 14. Rh3 f6 15.
Nef3 Qd7 16. Nb3 Ne4 17. Nfd2 Nfd6 18. c4 Nxd2 19. Nxd2 c6 20. c5 Nf5 21. Nf3
Kf7 22. g4 Ne7 23. Bd2 Rag8 24. Rg3 h5 25. gxh5 Rxh5 26. Kf2 Nf5 27. Rg4 Rgh8
28. Rh1 Ne7 29. Rg2 R8h6 30. b3 Nf5 31. Kf1 Rh3 32. Qe2 Ng3+ 33. Rxg3 Rxg3 34.
Be1 Rgh3 35. Ng1 R3h5 36. h4 Rf5 37. Qg4 Rh8 38. Ne2 Rfh5 39. Ng3 R5h6 40. Kg2
f5 41. Qh3 Rxh4 42. Qxh4 Rxh4 43. Rxh4 Kg8 44. Nf1 Bf6 45. Rh3 Qc7 46. Bd2 b6
47. cxb6 Qxb6 48. Rg3 Kg7 49. Bc3 Qb5 50. Kg1 Qd3 51. Bd2 Qc2 52. Rg2 Qxa2 53.
Bb4 Qxb3 54. Bc5 a5 55. Rd2 a4 56. Kf2 a3 57. Bxa3 Qxa3 58. Rc2 Qa4 59. Rb2
Bh4+ 60. Kf3 Qd1+ 61. Kg2 Qg4+ 62. Kh1 Qf3+ 63. Kg1 Kf6 64. Rc2 g5 65. fxg5+
Bxg5 66. Rxc6 Qe2 67. Rc3 Bh4 68. Rc1 Bf2+ 69. Kh1 Qf3+ 70. Kh2 Bxe3 71. Nxe3
Qxe3 72. Rg1 Qxd4 73. Rg3 Qf4 74. Kh3 Qxg3+ 75. Kxg3 Ke5 76. Kf3 Kd4 77. Kf4
Kd3 78. Kf3 d4 79. Kf2 Kd2 80. Kf3 Ke1 81. Kf4 d3 82. Ke3 d2 0-1

[Event "Jiraskuv memorial B"]
[Site "Rakovnik"]
[Date "2012.08.09"]
[Round "7"]
[White "Srkal, Miroslav"]
[Black "Ruzicka, Vaclav"]
[Result "1/2-1/2"]
[WhiteElo "1822"]
[BlackElo "1698"]
[Annotator "Lev,Pavel"]
[PlyCount "64"]
[EventDate "2012.08.??"]
[EventType "swiss"]
[EventRounds "9"]
[EventCountry "CZE"]

1. d4 Nf6 2. c4 e6 3. Nf3 Bb4+ 4. Bd2 Qe7 5. a3 Bxd2+ 6. Nfxd2 d5 7. e3 O-O 8.
Be2 b6 9. Nc3 Bb7 10. Bf3 Nbd7 11. O-O c6 12. Re1 dxc4 13. Nxc4 Nd5 14. Rc1 Ba6
15. Nd2 Rac8 16. Nde4 f5 17. Nxd5 cxd5 18. Nc3 Nf6 19. Qa4 Qb7 20. b4 Bc4 21.
Qd1 b5 22. Ne2 Bxe2 23. Qxe2 a6 24. g3 Rxc1 25. Rxc1 Rc8 26. Qd2 Nd7 27. Rc3
Nb6 28. Rc5 Nd7 29. Rc3 Nb6 30. Rc5 Nd7 31. Rc3 Nb6 32. Rc5 Nd7 1/2-1/2

[Event "Jiraskuv memorial B"]
[Site "Rakovnik"]
[Date "2012.08.09"]
[Round "7"]
[White "Holy, Filip"]
[Black "Masek, Jaroslav"]
[Result "1/2-1/2"]
[WhiteElo "1609"]
[BlackElo "1670"]
[Annotator "Lev,Pavel"]
[PlyCount "80"]
[EventDate "2012.08.??"]
[EventType "swiss"]
[EventRounds "9"]
[EventCountry "CZE"]

1. e4 e5 2. Nf3 Nc6 3. d4 exd4 4. Nxd4 Bc5 5. Nb3 Bb6 6. Bd3 Nf6 7. O-O d6 8.
Nc3 a6 9. Bg5 h6 10. Bf4 Be6 11. Qe2 Qd7 12. Kh1 O-O-O 13. Rad1 g5 14. Be3 Bxe3
15. Qxe3 Ng4 16. Qd2 Rdf8 17. f3 Nge5 18. Nd5 f5 19. Qc3 Nxd3 20. Qxd3 h5 21.
Nd4 Bxd5 22. exd5 Nxd4 23. Qxd4 Kb8 24. Rfe1 Re8 25. Kg1 g4 26. f4 h4 27. Kf1
Rxe1+ 28. Rxe1 Re8 29. Rxe8+ Qxe8 30. a4 Qe7 31. Qh8+ Ka7 32. Qd4+ b6 33. a5
Kb7 34. axb6 cxb6 35. Kf2 Qc7 36. Qd3 Qc5+ 37. Kf1 Qa5 38. b3 Qa1+ 39. Kf2 Qf6
40. c3 Qf7 1/2-1/2

[Event "Jiraskuv memorial B"]
[Site "Rakovnik"]
[Date "2012.08.10"]
[Round "8"]
[White "Hajsman, Martin"]
[Black "Zacek, Petr"]
[Result "1/2-1/2"]
[WhiteElo "1718"]
[BlackElo "1568"]
[Annotator "Lev,Pavel"]
[PlyCount "69"]
[EventDate "2012.08.??"]
[EventType "swiss"]
[EventRounds "9"]
[EventCountry "CZE"]

1. c4 g6 2. Nc3 Bg7 3. g3 c5 4. Bg2 Nc6 5. e3 d6 6. Nge2 Nf6 7. Rb1 O-O 8. O-O
Rb8 9. b3 Nb4 10. d4 Bf5 11. e4 Bg4 12. f3 Bd7 13. d5 Nh5 14. Bb2 Qc8 15. a3
Na6 16. Qd2 Nc7 17. Nd1 Bh3 18. Nf2 Bxg2 19. Kxg2 Nf6 20. e5 Nfe8 21. exd6 exd6
22. Ng4 f6 23. Rfe1 b5 24. Qe3 Qd7 25. Nf4 f5 26. Bxg7 Nxg7 27. Nh6+ Kh8 28.
Qe7 Rbd8 29. Qh4 Rde8 30. h3 a6 31. g4 fxg4 32. Nxg6+ hxg6 33. Nf7+ Kg8 34.
Nh6+ Kh8 35. Nf7+ 1/2-1/2

[Event "Jiraskuv memorial B"]
[Site "Rakovnik"]
[Date "2012.08.10"]
[Round "8"]
[White "Mitosinka, Boris"]
[Black "Holy, Filip"]
[Result "1-0"]
[WhiteElo "1563"]
[BlackElo "1609"]
[Annotator "Lev,Pavel"]
[PlyCount "77"]
[EventDate "2012.08.??"]
[EventType "swiss"]
[EventRounds "9"]
[EventCountry "CZE"]

1. e4 c6 2. Nc3 d5 3. Nf3 dxe4 4. Nxe4 Bf5 5. Ng3 Bg4 6. h3 Bxf3 7. Qxf3 Nf6 8.
Bc4 Nbd7 9. Qb3 e6 10. Qxb7 Bc5 11. Qxc6 O-O 12. Bb3 Rc8 13. Qa6 Qc7 14. d3
Bb4+ 15. Kf1 Bd6 16. Ne2 Nc5 17. Qc4 Qa5 18. Qc3 Qd8 19. Be3 Nfd7 20. Qd2 Nb6
21. Bxc5 Bxc5 22. d4 Be7 23. c3 Bg5 24. f4 Be7 25. Kf2 Qc7 26. Rhf1 Rfd8 27.
Qe1 Nd5 28. Bxd5 Rxd5 29. Kg1 Qb6 30. Qd2 Rd7 31. Nc1 Bd6 32. Nd3 h6 33. Rae1
Qa6 34. a3 Qb7 35. Rf2 Qd5 36. Ne5 Bxe5 37. fxe5 Rb8 38. Qe3 Rdb7 39. Ree2 1-0

[Event "Jiraskuv memorial B"]
[Site "Rakovnik"]
[Date "2012.08.10"]
[Round "8"]
[White "Brada, Zdenek"]
[Black "Truksa, Martin"]
[Result "1-0"]
[WhiteElo "1491"]
[BlackElo "1432"]
[Annotator "Lev,Pavel"]
[PlyCount "87"]
[EventDate "2012.08.??"]
[EventType "swiss"]
[EventRounds "9"]
[EventCountry "CZE"]

1. d4 Nf6 2. c4 g6 3. Nc3 Bg7 4. Nf3 d6 5. Bg5 Bg4 6. e3 Nbd7 7. Be2 O-O 8. O-O
c5 9. h3 Bxf3 10. Bxf3 Rb8 11. Bxf6 Bxf6 12. Rc1 Nb6 13. b3 e5 14. dxe5 dxe5
15. Qxd8 Rfxd8 16. Ne4 Bg7 17. Rfd1 Rxd1+ 18. Rxd1 f5 19. Nxc5 e4 20. Be2 Na8
21. Ne6 Nc7 22. Nxc7 Rc8 23. Nd5 Kf8 24. g4 b5 25. gxf5 gxf5 26. Nf4 bxc4 27.
Bxc4 Bf6 28. Ne6+ Ke7 29. Nf4 Bg5 30. Nd5+ Kf8 31. Rf1 Rc6 32. f3 Rg6 33. Kh1
exf3 34. Rxf3 f4 35. exf4 Bf6 36. Nxf6 Rxf6 37. Kg2 h5 38. f5 h4 39. Be6 a6 40.
Rd3 a5 41. Rd8+ Ke7 42. Rh8 a4 43. bxa4 Kd6 44. Rc8 1-0

[Event "Jiraskuv memorial B"]
[Site "Rakovnik"]
[Date "2012.08.10"]
[Round "8"]
[White "Hajek, Jiri"]
[Black "Vankova, Veronika"]
[Result "1-0"]
[WhiteElo "1825"]
[BlackElo "1254"]
[Annotator "Lev,Pavel"]
[PlyCount "73"]
[EventDate "2012.08.??"]
[EventType "swiss"]
[EventRounds "9"]
[EventCountry "CZE"]

1. e4 e5 2. Nf3 Nc6 3. Bb5 d6 4. c3 Nf6 5. O-O Nxe4 6. Re1 Nf6 7. d4 Bd7 8.
Bxc6 Bxc6 9. dxe5 dxe5 10. Rxe5+ Be7 11. Nd4 Bd7 12. Qe2 h6 13. h3 Rc8 14. b4
b6 15. Ba3 b5 16. Nxb5 Bxb5 17. Qxb5+ Nd7 18. Re2 O-O 19. Nd2 Nf6 20. Rae1 Bd6
21. Qf5 Nd5 22. Ne4 Ne7 23. Qf3 Ng6 24. Nxd6 Qxd6 25. c4 Rfd8 26. c5 Qd4 27.
Re4 Qd2 28. R1e2 Qd1+ 29. Kh2 Qf1 30. Re1 Qb5 31. Bb2 Qd7 32. h4 Re8 33. h5 Nh8
34. Rxe8+ Rxe8 35. Rxe8+ Qxe8 36. Qg3 g6 37. Qc3 1-0

[Event "Jiraskuv memorial B"]
[Site "Rakovnik"]
[Date "2012.08.10"]
[Round "8"]
[White "Ruzicka, Vaclav"]
[Black "Bauer, Ondrej"]
[Result "1/2-1/2"]
[WhiteElo "1698"]
[BlackElo "1745"]
[Annotator "Lev,Pavel"]
[PlyCount "104"]
[EventDate "2012.08.??"]
[EventType "swiss"]
[EventRounds "9"]
[EventCountry "CZE"]

1. c4 c5 2. Nc3 Nf6 3. g3 d5 4. cxd5 Nxd5 5. Bg2 Nc7 6. Nf3 Nc6 7. O-O e5 8. e4
Bd7 9. d3 Be7 10. Ne1 O-O 11. f4 b5 12. Nd5 exf4 13. Nxe7+ Qxe7 14. Bxf4 Ne6
15. Be3 Rac8 16. Qh5 Ncd4 17. Rc1 Qd6 18. Qd1 Bc6 19. b3 Ba8 20. Nf3 a6 21.
Nxd4 Nxd4 22. Bh3 Rcd8 23. Rf2 Qb6 24. Qh5 Ne6 25. Bxe6 Qxe6 26. Bxc5 Rc8 27.
Qf5 Qxf5 28. Rxf5 Rfd8 29. Rf3 Rd7 30. b4 Rcd8 31. Rc3 f6 32. Kf2 Kf7 33. Ke3
Re8 34. Rf1 Re6 35. g4 Rd8 36. Rfc1 Kg6 37. Kf4 Bb7 38. Bf2 Red6 39. d4 Kf7 40.
Rc7+ R8d7 41. Rxd7+ Rxd7 42. h4 Ke6 43. d5+ Kf7 44. Bb6 g6 45. a3 Ke7 46. Bc5+
Kf7 47. Bb6 Ke7 48. Bc7 Ba8 49. d6+ Ke6 50. Rc5 Bb7 51. Ke3 Rf7 52. Bb8 Rf8
1/2-1/2

[Event "Jiraskuv memorial B"]
[Site "Rakovnik"]
[Date "2012.08.10"]
[Round "8"]
[White "Abraham, Karel"]
[Black "Hejda, Vaclav"]
[Result "1/2-1/2"]
[WhiteElo "1791"]
[BlackElo "1820"]
[Annotator "Lev,Pavel"]
[PlyCount "34"]
[EventDate "2012.08.??"]
[EventType "swiss"]
[EventRounds "9"]
[EventCountry "CZE"]

1. e4 e5 2. Nf3 Nc6 3. d4 exd4 4. Bc4 h6 5. Nxd4 Nxd4 6. Qxd4 d6 7. Nc3 Nf6 8.
Bf4 Be7 9. O-O O-O 10. Rad1 Nd7 11. Nd5 Nb6 12. Nxe7+ Qxe7 13. Bb3 Be6 14. Rd3
Bxb3 15. axb3 Rfe8 16. Bxh6 Qe5 17. Be3 Qxe4 1/2-1/2

[Event "Jiraskuv memorial B"]
[Site "Rakovnik"]
[Date "2012.08.10"]
[Round "8"]
[White "Kadlec, Daniel"]
[Black "Srkal, Miroslav"]
[Result "1-0"]
[WhiteElo "1651"]
[BlackElo "1822"]
[Annotator "Lev,Pavel"]
[PlyCount "61"]
[EventDate "2012.08.??"]
[EventType "swiss"]
[EventRounds "9"]
[EventCountry "CZE"]

1. e4 c5 2. Nf3 Nc6 3. d4 cxd4 4. Nxd4 Nf6 5. Nc3 e5 6. Ndb5 d6 7. Bg5 a6 8.
Na3 Be6 9. Bxf6 gxf6 10. Nd5 f5 11. exf5 Qa5+ 12. Nc3 Bxf5 13. Nc4 Qc5 14. Nd5
O-O-O 15. c3 Be6 16. Ncb6+ Kb8 17. b4 Nxb4 18. cxb4 Qd4 19. Qxd4 exd4 20. Bd3
Ka7 21. a4 Rg8 22. g3 Rg5 23. Bc4 Re5+ 24. Kd2 Bg7 25. f4 Re3 26. Ra2 Re8 27.
a5 Rf3 28. Rf1 Rxf1 29. Bxf1 h5 30. Rc2 Kb8 31. Nc7 1-0